Posicionamiento: el concepto que ha revolucionado la comunicación publicitaria y la mercadotecnia
Gardado en:
| Main Authors: | , |
|---|---|
| Formato: | Libro |
| Idioma: | Lingua castelá |
| Publicado: |
Ciudad de México
McGrawHill
1989
|
| Edición: | 1a. ed |
| Subjects: | |
| Tags: |
Engadir etiqueta
Sen Etiquetas, Sexa o primeiro en etiquetar este rexistro!
|
MARC
| LEADER | 00000cam a2200000 a 4500 | ||
|---|---|---|---|
| 001 | UCD6153 | ||
| 003 | CL-VaPUC | ||
| 008 | 161118e19890500mx |||||||||||||||||spa|d | ||
| 020 | |a 9684220022 | ||
| 082 | 0 | 4 | |a 659.1 |b RIE |2 21 |
| 100 | 0 | |a Ries, Al |e author |9 589846 | |
| 700 | 0 | |a Trout, Jack |e author |9 589847 | |
| 245 | 1 | 0 | |a Posicionamiento: el concepto que ha revolucionado la comunicación publicitaria y la mercadotecnia |
| 250 | |a 1a. ed | ||
| 300 | |a 250 p | ||
| 942 | |c BK | ||
| 945 | |d 20161118 09:36:00 |a arojas | ||
| 260 | |a Ciudad de México |b McGrawHill |c 1989 | ||
| 650 | 0 | |a Publicidad |9 314572 | |
| 650 | 0 | |a Marketing |9 259324 | |
| 650 | 7 | |a COMUNICACION DE MASAS |2 CL-VaPUC |9 334823 | |
| 650 | 0 | |a Comportamiento del consumidor |9 331318 | |
| 650 | 0 | |a Educación del consumidor |9 359622 | |
| 650 | 0 | |a Gestión de mercados |9 350125 | |
| 583 | |a last modification |c 20161118 09:36:00 |k Rodrigo Vera | ||
| 999 | |c 366528 |d 366526 | ||